Welcome to CU Library Online Public Access Catalogue (OPAC)

Employment Law (Record no. 4514)

MARC details
000 -LEADER
fixed length control field 00428nam a22001577a 4500
005 - DATE AND TIME OF LATEST TRANSACTION
control field 20250304142212.0
008 - FIXED-LENGTH DATA ELEMENTS--GENERAL INFORMATION
fixed length control field 250304b |||||||| |||| 00| 0 eng d
020 ## - INTERNATIONAL STANDARD BOOK NUMBER
International Standard Book Number 9780333588734
050 ## - LIBRARY OF CONGRESS CALL NUMBER
Classification number KD3009 LOC
100 ## - MAIN ENTRY--PERSONAL NAME
Personal name Lockton,,Deborah.J
245 ## - TITLE STATEMENT
Title Employment Law
Statement of responsibility, etc. Deborah J Lockton
260 ## - PUBLICATION, DISTRIBUTION, ETC.
Place of publication, distribution, etc. Hampshire
Name of publisher, distributor, etc. The Macmillan Press Ltd
Date of publication, distribution, etc. 1994
300 ## - PHYSICAL DESCRIPTION
Extent xlii, 326pp
Other physical details index
500 ## - GENERAL NOTE
General note Employment law
942 ## - ADDED ENTRY ELEMENTS (KOHA)
Source of classification or shelving scheme Library of Congress Classification
Koha item type Books
Suppress in OPAC No
999 ## -
-- 4514
-- 4514
Holdings
Withdrawn status Lost status Source of classification or shelving scheme Damaged status Not for loan Collection Home library Current library Shelving location Date acquired Total checkouts Full call number Barcode Date last seen Copy number Price effective from Koha item type
    Library of Congress Classification     Non-fiction Law Library (Christ Temple) Law Library (Christ Temple) General stacks 03/04/2025   KD3009,LOC LLCT00000419 03/04/2025 1 03/04/2025 Books
© 2023-2024 Copyright: Central University Libraries. All Rights Reserved | Created by: Mahone Tech Office